000 00360nam a22001577a 4500
003 OSt
005 20240420152641.0
008 240420b |||||||| |||| 00| 0 eng d
020 _a9789390735976
040 _cIIMT UNIVERSITY
100 _aAGARWAL , DR. H O
245 _aHuman Rights
260 _aPRAYAG RAJ
_bCLA
_c2023
300 _a440
942 _2ddc
_c02
999 _c58736
_d58736